OPTIMALIZÁCIA KONŠTRUKCIE ZARIADENIA NA STRIHANIE KAROSÉRIÍ ZO STARÝCH VOZIDIEL
Gespeichert in:
| 1. Verfasser: | |
|---|---|
| Weitere Verfasser: | |
| Format: | Manuskript Buch |
| Sprache: | Slowakisch |
| Veröffentlicht: |
2015
|
| Schlagworte: | |
| Online-Zugang: | http://is.stuba.sk/zp/portal_zp.pl?podrobnosti=95325 |
| Tags: |
Keine Tags, Fügen Sie das erste Tag hinzu!
|
MARC
| LEADER | 00000ntm a22000003a 4500 | ||
|---|---|---|---|
| 001 | stuzp29729 | ||
| 003 | SK-STU | ||
| 005 | 20160719152932.6 | ||
| 007 | ta | ||
| 008 | 150427s2015----xo-----f-mn---000-0-slo-d | ||
| 040 | |a STU |b slo | ||
| 041 | 0 | |a slo | |
| 100 | 1 | |a Čačko, Viliam, |d 1984- |u J0070 |4 aut |9 100 |U SjF Strojnícka fakulta |T SjF Ústav výrobných systémov, enviromentálnej techniky a manažment kvality |X 14123 |U J0070 |Y 804 |7 A000014123 | |
| 242 | 0 | 1 | |a DESIGN OPTIMIZATION APPLIANCES FOR BODYWORK OF OLD VEHICLES |y eng |
| 245 | 1 | 0 | |a OPTIMALIZÁCIA KONŠTRUKCIE ZARIADENIA NA STRIHANIE KAROSÉRIÍ ZO STARÝCH VOZIDIEL |
| 260 | |c 2015 | ||
| 300 | |a 116 s. | ||
| 650 | 4 | |a mobile and modular line |2 eng | |
| 650 | 4 | |a old vehicle |2 eng | |
| 650 | 4 | |a shearing machine |2 eng | |
| 650 | 4 | |a ultimate strength |2 eng | |
| 650 | 4 | |a cutting force |2 eng | |
| 650 | 4 | |a mobilná a modulárna linka |2 slo | |
| 650 | 4 | |a medzná pevnosť |2 slo | |
| 650 | 4 | |a staré vozidlo |2 slo | |
| 650 | 4 | |a strižná sila |2 slo | |
| 650 | 4 | |a strihacie zariadenie |2 slo | |
| 700 | 1 | |a Šooš, Ľubomír, |d 1959- |4 ths |X 2372 |7 A000002372 | |
| 856 | 4 | |u http://is.stuba.sk/zp/portal_zp.pl?podrobnosti=95325 | |
| 996 | |b 284J043607 |c J* 117694 |l JJST |s P |a 0 |w stuzp29729_0001 | ||
| SQL | |a stuzp29729 |b DDZ |c SLO |d OPTIMALIZÁCIA KONŠTRUKCIE ZARIADENIA NA STRIHANIE KAROSÉRIÍ ZO STARÝCH VOZIDIEL |e 14123 |f Čačko, Viliam |g 020070 |h 2372 |i Šooš, Ľubomír |j 20150424 |k 71 |l 02 |m http://is.stuba.sk/zp/portal_zp.pl?podrobnosti=95325 |n D-VSZ |o 5.2.50. výrobná technika | ||